01263nam a2200301Ia 4500001001200000003000800012006001900020007001500039008004100054020001500095040002100110035002000131050002200151111003900173245007800212260004800290300001900338490003900357500009100396504004100487533015200528650002400680650002100704655002900725710001700754830006400771856012600835ebr10120283CaPaEBRm u cr cn|||||||||060308s2005 sz a sb 000 0 eng d z9241209313 aCaPaEBRcCaPaEBR a(OCoLC)8024457214aRA8b.A247 2005eb2 aWHO Expert Consultation on Rabies.10aWHO expert consultation on rabiesh[electronic resource] :bfirst report. aGeneva :bWorld Health Organization,c2005. a121 p. :bill.1 aWHO technical report series ;v931 a"The WHO Expert Consultation on Rabies met in Geneva from 5 to 8 October 2004."--p. 1. aIncludes bibliographical references. aElectronic reproduction.bPalo Alto, Calif. :cebrary,d2011.nAvailable via World Wide Web.nAccess may be limited to ebrary affiliated libraries. 0aRabiesxPrevention. 0aRabies vaccines. 7aElectronic books.2local2 aebrary, Inc. 0aTechnical report series (World Health Organization) ;v931.40uhttp://site.ebrary.com/lib/rucke/Doc?id=10120283zAn electronic book accessible through the World Wide Web; click to view